Derecho Internacional Ambiental (Record no. 2703)
[ view plain ]
| 000 -CABECERA | |
|---|---|
| campo de control de longitud fija | 00604nam a22001937a 4500 |
| 080 ## - NUMERO DE CLASIFICACION DECIMAL UNIVERSAL (CDU) | |
| Número de la Clasificación Decimal Universal | 341 D 444 |
| 100 ## - ASIENTO PRINCIPAL--NOMBRE PERSONAL | |
| Nombre personal | Rey Caro, Ernesto J. |
| 245 ## - MENCION DE TITULO | |
| Título propiamente dicho | Derecho Internacional Ambiental |
| Parte restante del título | nuevas tendencias |
| 260 ## - PUBLICACION, DISTRIBUCION, ETC. (PIE DE IMPRENTA) | |
| Lugar de publicación, distribución, etc. | Cordoba |
| Nombre del editor, distribuidor, etc. | Marcos Lerner |
| Fecha de publicación, distribución, etc. | 1998 |
| 300 ## - DESCRIPCION FISICA | |
| Extensión | 217 p. |
| 650 ## - ASIENTO SECUNDARIO DE MATERIA - TERMINO TEMATICO | |
| Subdivisión general | derecho ambiental |
| -- | derecho internacional |
| -- | responsabilidad internacional |
| -- | uso de energia |
| 700 ## - ASIENTO SECUNDARIO - NOMBRE PERSONAL | |
| Nombre personal | Flores, Maria del Lujan |
| 700 ## - ASIENTO SECUNDARIO - NOMBRE PERSONAL | |
| Nombre personal | Marcionni, Nelson Daniel |
| 700 ## - ASIENTO SECUNDARIO - NOMBRE PERSONAL | |
| Nombre personal | Rodriguez, Maria Cristina |
| 700 ## - ASIENTO SECUNDARIO - NOMBRE PERSONAL | |
| Nombre personal | Salas, Graciela R. |
| 700 ## - ASIENTO SECUNDARIO - NOMBRE PERSONAL | |
| Nombre personal | Drns de Clement, Zlata |
| 945 ## - INFORMACION DE PROCESAMIENTO LOCAL | |
| Responsable de carga/modificación | Sabrina Cecilia Abram |
| AAAA-MM-DD - Fecha de ingreso/modificación | 2014-11-14 |
| 942 ## - ELEMENTOS AGREGADOS (KOHA) | |
| Clasificación normalizada de Koha para alfabetizar | _ |
| Retirado | Perdido | Dañado | No se presta | Ubicación permanente | Locación actual | Estante o sala | Fecha de adquisición | Fuente de adquisición | Total préstamos | Total renovaciones | Signatura topográfica | Inventario | Ultima fecha vista | Ultima fecha prestado | Fecha del precio | Tipo de item de Koha |
|---|---|---|---|---|---|---|---|---|---|---|---|---|---|---|---|---|
| Bib. Derecho | Bib. Derecho | Sala de Lectura | 14/11/2014 | Biblioteca Central | 2 | 2 | 341 D 444 | 58360 | 21/03/2025 | 04/11/2024 | 14/11/2014 | LIBRO |
